000 005910000a22002050004500
001 44771
010 _a978-972-42-3946-0
100 _a20080623d2007 k y0pory5003 ba
101 0 _apor
102 _aPT
200 1 _aAs valquírias
_fPaulo Coelho
210 _aLisboa
_cCírculo de Leitores
_d2007
215 _a228 p.
606 _aLiteratura brasileira
675 _a83
_vBN
_zpor
675 _a821.134.3(81)-31"19/20"
_vBN
_zpor
700 1 _aCoelho
_bPaulo
_f1947-
090 _a44771
942 _cMON
_n0
999 _a44771